000 00301nam a2200097Ia 4500
082 _aJ 641.86539 COOK
245 0 _aFamilyFun birthday cakes : 50 cute & easy party treats
100 _a Cook, Deanna F., , 1965- New York, 2009
_934193
942 _cBK
008 210817s9999 xx 000 0 und d
999 _c319919
_d319918